[Event "Laurentides ch"]
[Site "CAN"]
[Date "1984.01.28"]
[Round "4"]
[White "Barbeau, Sylvain"]
[Black "Spraggett, Kevin"]
[Result "0-1"]
[WhiteElo "2324"]
[BlackElo "2569"]
[PlyCount "66"]
[EventDate "1984.01.28"]
[EventType "swiss"]
[EventRounds "4"]
[EventCountry "CAN"]

1. Nf3 c5 2. c4 b6 3. g3 Bb7 4. Bg2 Nf6 5. O-O e6 6. Nc3 Be7 7. d4 cxd4 8. Qxd4
d6 9. Rd1 a6 10. b3 Nbd7 11. e4 Qb8 12. Ba3 Nc5 13. e5 dxe5 14. Qxe5 Qa7 15.
Bb2 Rc8 16. Qe2 Qa8 17. Ne1 Bxg2 18. Nxg2 O-O 19. Rd4 Rfd8 20. Rad1 Rxd4 21.
Rxd4 Bf8 22. Ne1 Re8 23. Rd1 h6 24. Nd3 Ncd7 25. Ne5 Nxe5 26. Qxe5 Qc6 27. Qe2
Rb8 28. Qe5 Qb7 29. Na4 Rc8 30. Qe2 Nh7 31. f3 Ng5 32. Kg2 b5 33. cxb5 Rc2 0-1

[Event "Premiere neige"]
[Site "Montreal CAN"]
[Date "1983.12.04"]
[Round "5"]
[White "Spraggett, Kevin"]
[Black "Barbeau, Sylvain"]
[Result "1-0"]
[WhiteElo "2572"]
[BlackElo "2309"]
[PlyCount "45"]
[EventDate "1983.12.02"]
[EventType "swiss"]
[EventRounds "5"]
[EventCountry "CAN"]

1. c4 e5 2. Nc3 Nf6 3. g3 c6 4. Nf3 e4 5. Nd4 d5 6. cxd5 Qb6 7. Nb3 cxd5 8. Bg2
Nc6 9. O-O Bf5 10. d3 Rd8 11. Bf4 Rd7 12. Rc1 Qa6 13. Bg5 Bg6 14. Bh3 Rd8 15.
Bxf6 gxf6 16. dxe4 dxe4 17. Nd5 Qxa2 18. Nc7+ Ke7 19. Qc2 Qa4 20. Qc5+ Rd6 21.
Nb5 Qb4 22. Nxd6 Qxc5 23. Nxc5 1-0

[Event "Automne/Fall op"]
[Site "Montreal CAN"]
[Date "1983.11.20"]
[Round "3"]
[White "Morin, Louis"]
[Black "Barbeau, Sylvain"]
[Result "0-1"]
[WhiteElo "1890"]
[BlackElo "2304"]
[PlyCount "60"]
[EventDate "1983.11.19"]
[EventType "swiss"]
[EventRounds "4"]
[EventCountry "CAN"]

1. e4 c6 2. d4 d5 3. Nc3 dxe4 4. Nxe4 Nd7 5. Bc4 Ngf6 6. Ng5 e6 7. Ne2 Nb6 8.
Bd3 h6 9. Nf3 c5 10. dxc5 Bxc5 11. O-O O-O 12. c3 Re8 13. h3 Nbd5 14. Nf4 e5
15. Nxd5 Qxd5 16. Be2 Qc6 17. Qb3 a6 18. Bc4 Qc7 19. Re1 b5 20. Bxf7+ Qxf7 21.
Qxf7+ Kxf7 22. Nxe5+ Kg8 23. Bf4 Bb7 24. Nd3 Bb6 25. a4 Rad8 26. Nb4 a5 27. Nc2
bxa4 28. Rxa4 Rxe1+ 29. Nxe1 Rd1 30. Kf1 Bc6 0-1

[Event "Roger Lemelin"]
[Site "Montreal CAN"]
[Date "1983.10.08"]
[Round "2"]
[White "Balla, Thomas"]
[Black "Barbeau, Sylvain"]
[Result "0-1"]
[WhiteElo "1960"]
[BlackElo "2278"]
[PlyCount "66"]
[EventDate "1983.10.08"]
[EventType "swiss"]
[EventRounds "8"]
[EventCountry "CAN"]

1. e4 c6 2. d4 d5 3. exd5 cxd5 4. c4 Nf6 5. Nc3 e6 6. Nf3 Be7 7. c5 O-O 8. Bd3
b6 9. b4 a5 10. Na4 Nbd7 11. Bf4 Nh5 12. Bd2 axb4 13. c6 Nc5 14. dxc5 bxc5 15.
O-O Ba6 16. Ne5 Nf6 17. Be3 Qa5 18. Nb2 Bxd3 19. Nbxd3 c4 20. Nf4 Qc7 21. Bd4
Bd6 22. Re1 Rfe8 23. Nh3 Ne4 24. f3 Nc5 25. Bxc5 Bxc5+ 26. Kh1 f6 27. Ng4 Qxc6
28. Qd2 e5 29. Ne3 Bd4 30. Rac1 Ra3 31. Nd1 c3 32. Qe2 Rea8 33. Rc2 Qc4 0-1

[Event "Quebec op"]
[Site "Montreal CAN"]
[Date "1983.07.26"]
[Round "3"]
[White "Barbeau, Sylvain"]
[Black "Poulin, Maurice"]
[Result "1-0"]
[WhiteElo "2222"]
[BlackElo "2116"]
[PlyCount "60"]
[EventDate "1983.07.24"]
[EventType "swiss"]
[EventRounds "8"]
[EventCountry "CAN"]

1. Nf3 g6 2. g3 Bg7 3. d4 d6 4. Bg2 Nc6 5. O-O e5 6. d5 Nce7 7. c4 f6 8. Nc3
Nh6 9. Ne1 Nf7 10. Nd3 O-O 11. c5 f5 12. cxd6 cxd6 13. Qb3 g5 14. Bd2 f4 15.
Rac1 a6 16. a4 Nf5 17. e3 fxe3 18. fxe3 g4 19. Ne4 Bh6 20. Ndf2 Ng5 21. Nxg4
Bg7 22. Ngf2 b5 23. a5 Nxe4 24. Nxe4 Bd7 25. Bb4 Be8 26. Rxf5 Rxf5 27. Nxd6 Rg5
28. Nxe8 Qxe8 29. d6+ Kf8 30. Bxa8 Qxa8 1-0

[Event "Quebec op"]
[Site "Montreal CAN"]
[Date "1983.07.30"]
[Round "7"]
[White "Bolduc, Steve"]
[Black "Barbeau, Sylvain"]
[Result "1/2-1/2"]
[WhiteElo "2087"]
[BlackElo "2264"]
[PlyCount "81"]
[EventDate "1983.07.24"]
[EventType "swiss"]
[EventRounds "8"]
[EventCountry "CAN"]

1. d4 g6 2. c4 Bg7 3. Nf3 Nf6 4. g3 O-O 5. Bg2 d5 6. cxd5 Nxd5 7. O-O Nc6 8. h3
Nb6 9. e3 e5 10. dxe5 Nxe5 11. Nxe5 Bxe5 12. Qc2 Bf5 13. e4 Bd7 14. a4 a5 15.
Be3 Qf6 16. Nc3 Bc6 17. Qb3 Rfd8 18. Rad1 Bd4 19. Rxd4 Rxd4 20. Bxd4 Qxd4 21.
Rd1 Qb4 22. Qxb4 axb4 23. Nb5 Nxa4 24. Nxc7 Nxb2 25. Rb1 Ra2 26. Nd5 Nd3 27.
Nxb4 Nxb4 28. Rxb4 Ra1+ 29. Kh2 b5 30. e5 Be8 31. Rb2 Kf8 32. Bf3 Ke7 33. Be2
Ra5 34. f4 Kd8 35. g4 Bd7 36. h4 Kc7 37. f5 gxf5 38. gxf5 Bxf5 39. Bxb5 Ra3 40.
Bc4 Rh3+ 41. Kg2 1/2-1/2

[Event "Quebec-ch"]
[Site "Montreal CAN"]
[Date "1983.06.09"]
[Round "1"]
[White "Barbeau, Sylvain"]
[Black "Kurtz, Murray"]
[Result "1-0"]
[WhiteElo "2264"]
[BlackElo "2049"]
[PlyCount "92"]
[EventDate "1983.06.09"]
[EventType "tourn"]
[EventRounds "9"]
[EventCountry "CAN"]

1. g3 g6 2. Bg2 Bg7 3. c4 Nf6 4. Nc3 O-O 5. d3 d6 6. e4 e5 7. Nge2 c6 8. O-O a6
9. h3 Be6 10. b3 d5 11. Qc2 dxe4 12. dxe4 Qc7 13. c5 Nbd7 14. Na4 Rfd8 15. Bb2
h5 16. Bc3 g5 17. Qb2 g4 18. h4 Nh7 19. Rfd1 Ndf8 20. Nb6 Rab8 21. Ba5 Rxd1+
22. Rxd1 Rd8 23. Rd2 Qe7 24. Na4 Rxd2 25. Qxd2 f6 26. Bf1 Ng6 27. Nec3 Kf7 28.
Bd8 Qd7 29. Qxd7+ Bxd7 30. Nb2 Bf8 31. Nca4 Be7 32. Bxe7 Nxe7 33. Nc4 Nc8 34.
Na5 Na7 35. Nxb7 Nb5 36. Bc4+ Ke7 37. Nb6 Nf8 38. a4 Nc7 39. Nd6 Nfe6 40. Nf5+
Kd8 41. b4 Be8 42. Nd6 Bd7 43. Ba2 Ke7 44. Nbc4 Nd4 45. Ne3 Ne2+ 46. Kf1 Nd4
1-0

[Event "Quebec-ch"]
[Site "Montreal CAN"]
[Date "1983.06.10"]
[Round "2"]
[White "Leveille, Francois"]
[Black "Barbeau, Sylvain"]
[Result "1-0"]
[WhiteElo "2239"]
[BlackElo "2264"]
[PlyCount "63"]
[EventDate "1983.06.09"]
[EventType "tourn"]
[EventRounds "9"]
[EventCountry "CAN"]

1. g3 c5 2. Bg2 Nc6 3. c4 g6 4. Nc3 Bg7 5. e3 Nh6 6. h4 d6 7. Nge2 e5 8. d3 Bg4
9. a3 O-O 10. Rb1 Qd7 11. b4 Rae8 12. Qa4 f5 13. Qb5 a6 14. Qb6 e4 15. bxc5
exd3 16. Qxb7 Qxb7 17. Rxb7 dxe2 18. Rxg7+ Kxg7 19. Bxc6 Rc8 20. Bd5 Rxc5 21.
Nxe2 Rb8 22. Nd4 Rcc8 23. f3 Bh5 24. O-O Nf7 25. g4 Ne5 26. gxh5 Nxc4 27. e4
Ne5 28. Bg5 Kf8 29. hxg6 hxg6 30. exf5 gxf5 31. Nxf5 Ng6 32. Bh6+ 1-0

[Event "Quebec-ch"]
[Site "Montreal CAN"]
[Date "1983.06.11"]
[Round "3"]
[White "Barbeau, Sylvain"]
[Black "Bolduc, Steve"]
[Result "1/2-1/2"]
[WhiteElo "2264"]
[BlackElo "2029"]
[PlyCount "92"]
[EventDate "1983.06.09"]
[EventType "tourn"]
[EventRounds "9"]
[EventCountry "CAN"]

1. g3 d5 2. Bg2 Nf6 3. d3 c6 4. f4 Nbd7 5. Nf3 Qc7 6. O-O e5 7. Kh1 Bd6 8. Nh4
Nf8 9. f5 b6 10. Nc3 Bb7 11. e4 d4 12. Ne2 h5 13. Bf3 c5 14. Ng1 c4 15. Ng2 Rc8
16. Ne1 N8d7 17. Nh3 Bb4 18. Nf2 Ba6 19. Rg1 Qd6 20. Bg5 Bxe1 21. Rxe1 Qb4 22.
Rb1 Rc7 23. Rg1 Bb5 24. Bd2 Qc5 25. Qe2 Kd8 26. Bg5 Kc8 27. Rgc1 Kb8 28. b3
cxd3 29. cxd3 Qd6 30. Rxc7 Qxc7 31. Rc1 Qd6 32. Kg2 Nc5 33. h4 g6 34. fxg6 fxg6
35. Qc2 Rf8 36. a4 Bd7 37. a5 Rc8 38. axb6 Qxb6 39. Qb1 Bb5 40. b4 Na4 41.
Rxc8+ Kxc8 42. Qb3 Be8 43. Bxf6 Qxf6 44. Qd5 Nb6 45. Qc5+ Kb7 46. Bd1 Na4
1/2-1/2

[Event "Quebec-ch"]
[Site "Montreal CAN"]
[Date "1983.06.12"]
[Round "4"]
[White "Pineault, Denis"]
[Black "Barbeau, Sylvain"]
[Result "1/2-1/2"]
[WhiteElo "2085"]
[BlackElo "2264"]
[PlyCount "75"]
[EventDate "1983.06.09"]
[EventType "tourn"]
[EventRounds "9"]
[EventCountry "CAN"]

1. e4 g6 2. d4 Bg7 3. Nc3 d6 4. f4 Nc6 5. Be3 Nf6 6. h3 O-O 7. Nf3 d5 8. e5 Nh5
9. Bd3 Ng3 10. Rg1 Nb4 11. Bf2 Nh5 12. Ne2 Nxd3+ 13. cxd3 Bh6 14. Be3 f5 15.
Qd2 Ng7 16. g4 Ne6 17. O-O-O a5 18. Kb1 b6 19. gxf5 Rxf5 20. Nh4 Ng7 21. Ng3
Rf7 22. f5 Bxe3 23. Qxe3 Nxf5 24. Ngxf5 Bxf5 25. e6 Rf6 26. Rdf1 Qf8 27. Nxf5
Rxf5 28. Qe2 Rf6 29. h4 Qg7 30. Rxf6 exf6 31. Qg2 Rd8 32. h5 g5 33. h6 Qe7 34.
Qg4 Rd6 35. Re1 Kf8 36. a3 Ke8 37. Qh5+ Kf8 38. Qg4 1/2-1/2

[Event "Quebec-ch"]
[Site "Montreal CAN"]
[Date "1983.06.15"]
[Round "6"]
[White "Barbeau, Sylvain"]
[Black "Rousseau, Jean-Jacques"]
[Result "1-0"]
[WhiteElo "2264"]
[BlackElo "2129"]
[PlyCount "51"]
[EventDate "1983.06.09"]
[EventType "tourn"]
[EventRounds "9"]
[EventCountry "CAN"]

1. Nf3 d5 2. d4 Nf6 3. Nbd2 g6 4. e3 Bg7 5. Be2 O-O 6. O-O a5 7. Ne5 Be6 8. f4
Nfd7 9. c3 f6 10. Nd3 a4 11. e4 c6 12. Bf3 Bf7 13. f5 Qc7 14. Bg4 Re8 15. Nf4
Nf8 16. Qf3 Qd6 17. h4 Nbd7 18. fxg6 hxg6 19. h5 g5 20. Nh3 Be6 21. e5 Bxg4 22.
Qxg4 Qe6 23. Rf5 Nh7 24. h6 Bxh6 25. Nf4 Qf7 26. e6 1-0

[Event "Quebec-ch"]
[Site "Montreal CAN"]
[Date "1983.06.17"]
[Round "8"]
[White "Barbeau, Sylvain"]
[Black "Brodeur, Gilles"]
[Result "1/2-1/2"]
[WhiteElo "2264"]
[BlackElo "2214"]
[PlyCount "119"]
[EventDate "1983.06.09"]
[EventType "tourn"]
[EventRounds "9"]
[EventCountry "CAN"]

1. Nf3 Nf6 2. c4 g6 3. b4 a5 4. b5 Bg7 5. Bb2 O-O 6. e3 d6 7. d4 e5 8. Be2 c6
9. a4 e4 10. Nfd2 d5 11. Nc3 h5 12. Qb3 Be6 13. Ba3 Re8 14. Rc1 Bh6 15. bxc6
bxc6 16. cxd5 Nxd5 17. Nxd5 Bxd5 18. Qc3 Nd7 19. Nc4 Bg7 20. Nd6 Re6 21. Nb7
Qg5 22. g3 h4 23. Nc5 Nxc5 24. Bxc5 Bh6 25. Qb2 Ree8 26. Rb1 Qf5 27. Qb7 Qh3
28. Bf1 Qe6 29. Rb6 h3 30. Be2 Reb8 31. Qxb8+ Rxb8 32. Rxb8+ Kh7 33. Rb7 Bg5
34. Rb2 Bc4 35. Bd1 Be7 36. Bxe7 Qxe7 37. Kd2 Qa3 38. Rb7 Qd3+ 39. Kc1 Qc3+ 40.
Kb1 Qa3 41. Rb2 Bd3+ 42. Bc2 Bxc2+ 43. Rxc2 Qxa4 44. Rhc1 Qb3+ 45. Ka1 a4 46.
Rxc6 Qa3+ 47. Kb1 Qb3+ 48. Ka1 Kg7 49. R6c3 Qb4 50. R3c2 Kf6 51. Rd1 Qa3+ 52.
Kb1 Qb3+ 53. Kc1 a3 54. Rdd2 Qb5 55. d5 Ke7 56. d6+ Kd7 57. Rc7+ Kd8 58. Rcc2
Kd7 59. Rc7+ Kd8 60. Rcc2 1/2-1/2

[Event "Quebec-ch"]
[Site "Montreal CAN"]
[Date "1983.06.19"]
[Round "9"]
[White "Saint Amand, Paul"]
[Black "Barbeau, Sylvain"]
[Result "1/2-1/2"]
[WhiteElo "2092"]
[BlackElo "2264"]
[PlyCount "112"]
[EventDate "1983.06.09"]
[EventType "tourn"]
[EventRounds "9"]
[EventCountry "CAN"]

1. e4 c5 2. c3 d6 3. d4 Nf6 4. dxc5 Nc6 5. f3 d5 6. exd5 Qxd5 7. Qxd5 Nxd5 8.
Bc4 e6 9. Bxd5 exd5 10. Be3 Ne5 11. b4 Bf5 12. Ne2 Nd3+ 13. Kd2 a5 14. g4 Bg6
15. Nf4 Ne5 16. Ke2 f5 17. Nxd5 Kf7 18. h3 Re8 19. Nd2 fxg4 20. hxg4 Bd3+ 21.
Kf2 Bb5 22. Ne4 Nxg4+ 23. Kg3 Nxe3 24. Nxe3 Bc6 25. Kf4 h6 26. Nc4 g5+ 27. Ke3
axb4 28. cxb4 Kg6 29. Na5 Bxe4 30. fxe4 Rh7 31. Rac1 Rhe7 32. Rc4 Bg7 33. a4
Be5 34. b5 g4 35. c6 b6 36. Nb3 Rf8 37. Nd4 Bc7 38. Kd3 h5 39. Nf5 Rd8+ 40. Ke3
Re5 41. Rb1 Kg5 42. a5 h4 43. axb6 Bxb6+ 44. Ke2 Rxf5 45. exf5 Re8+ 46. Kd2 g3
47. c7 Rc8 48. f6 Bxc7 49. Rxc7 Rxc7 50. b6 Rd7+ 51. Ke2 h3 52. b7 Rxb7 53.
Rxb7 h2 54. f7 h1=Q 55. Rb5+ Kg6 56. f8=Q Qe4+ 1/2-1/2

[Event "Tournoi de l'Est 4"]
[Site "Montreal CAN"]
[Date "1983.05.15"]
[Round "4"]
[White "Williams, Leo"]
[Black "Barbeau, Sylvain"]
[Result "0-1"]
[WhiteElo "2173"]
[BlackElo "2278"]
[PlyCount "74"]
[EventDate "1983.05.13"]
[EventType "swiss"]
[EventRounds "5"]
[EventCountry "CAN"]

1. e4 g6 2. d4 Bg7 3. Nc3 d6 4. f4 Nc6 5. Be3 Nf6 6. Nf3 O-O 7. e5 dxe5 8. dxe5
Nh5 9. Bb5 Bg4 10. Bxc6 bxc6 11. Qxd8 Rfxd8 12. Nd4 Nxf4 13. Nxc6 Nxg2+ 14. Kf2
Nxe3 15. Nxd8 Nxc2 16. Rag1 Bd7 17. Rd1 Rxd8 18. Rd2 Bxe5 19. Rxc2 Bd4+ 20. Kf3
c5 21. Re1 e5 22. Ne4 Bc6 23. Kg3 Bxe4 24. Rxe4 f5 25. Re1 Rb8 26. b3 Kf7 27.
Rc4 Rb6 28. Ra4 a6 29. Rc1 g5 30. b4 cxb4 31. Rc7+ Kg6 32. Ra7 b3 33. R7xa6
bxa2 34. Rxa2 f4+ 35. Kf3 Kf5 36. Rxb6 g4+ 37. Ke2 Bxb6 0-1

[Event "Automne/Fall-2"]
[Site "Montreal CAN"]
[Date "1981.11.21"]
[Round "2"]
[White "Barbeau, Sylvain"]
[Black "Morin, Louis"]
[Result "1-0"]
[WhiteElo "2156"]
[BlackElo "1902"]
[PlyCount "95"]
[EventDate "1981.11.21"]
[EventType "swiss"]
[EventRounds "4"]
[EventCountry "CAN"]

1. c4 e5 2. Nc3 d6 3. e3 f5 4. d4 Nf6 5. Nf3 Nbd7 6. b4 g6 7. Qb3 c5 8. Be2 Be7
9. Bb2 O-O 10. Rd1 e4 11. Ng5 Qb6 12. Ne6 Re8 13. a3 Nf8 14. Na4 Qc6 15. b5 Qd7
16. Nxf8 Rxf8 17. dxc5 Qe6 18. cxd6 Bxd6 19. Qc3 Qe7 20. c5 Bc7 21. Bc4+ Be6
22. Qb3 Bxc4 23. Qxc4+ Qf7 24. Qxf7+ Kxf7 25. Ke2 Rad8 26. Bd4 Nd5 27. g3 Ke6
28. Nc3 Ne7 29. g4 Rg8 30. h4 Ba5 31. g5 Rxd4 32. Rxd4 Bxc3 33. Rd6+ Kf7 34.
Rd7 Rc8 35. h5 Ke6 36. Rxb7 Rxc5 37. hxg6 hxg6 38. a4 Bb4 39. Rxa7 Rc2+ 40. Kf1
Rc1+ 41. Kg2 Rxh1 42. Kxh1 Nd5 43. Ra6+ Kf7 44. b6 Bd6 45. b7 Bc7 46. Ra8 Nb6
47. a5 Nd7 48. a6 1-0

[Event "Automne/Fall op"]
[Site "Montreal CAN"]
[Date "1981.11.07"]
[Round "2"]
[White "Barbeau, Sylvain"]
[Black "Sasseville, Jean"]
[Result "1/2-1/2"]
[WhiteElo "2234"]
[BlackElo "1988"]
[PlyCount "78"]
[EventDate "1981.11.07"]
[EventType "swiss"]
[EventRounds "4"]
[EventCountry "CAN"]

1. c4 g6 2. g3 Bg7 3. Bg2 d6 4. Nf3 e5 5. O-O Nh6 6. Nc3 O-O 7. d4 Nd7 8. Rb1
Re8 9. e4 c6 10. h3 f5 11. b4 exd4 12. Nxd4 Nb6 13. Qd3 fxe4 14. Nxe4 d5 15.
cxd5 Nxd5 16. Bg5 Qb6 17. Nd6 Rf8 18. Nxc8 Raxc8 19. Ne6 Rf5 20. b5 Nf7 21. Bd2
Ne5 22. Qe2 Re8 23. bxc6 Qxc6 24. Nd4 Nf3+ 25. Qxf3 Bxd4 26. Qd3 Bc5 27. Kh1
Rd8 28. g4 Rf7 29. Bg5 Rd6 30. Rbd1 Rfd7 31. Qb3 Qb6 32. Bxd5+ Rxd5 33. Qxd5+
Rxd5 34. Rxd5 Qc6 35. Rfd1 Bxf2 36. Kh2 Bb6 37. Bf4 Qc4 38. Bg3 Qxa2+ 39. R1d2
Qc4 1/2-1/2

[Event "Quebec op"]
[Site "Montreal CAN"]
[Date "1981.08.04"]
[Round "3"]
[White "Barbeau, Sylvain"]
[Black "Barale, Jean-Pierre"]
[Result "1-0"]
[WhiteElo "2226"]
[BlackElo "1886"]
[PlyCount "71"]
[EventDate "1981.08.02"]
[EventType "swiss"]
[EventRounds "8"]
[EventCountry "CAN"]

1. c4 c6 2. Nf3 Nf6 3. b3 d5 4. g3 Bf5 5. Bg2 e6 6. O-O h6 7. Bb2 Be7 8. d3 O-O
9. Nbd2 Nbd7 10. a3 Rc8 11. b4 b5 12. cxb5 cxb5 13. Nd4 a6 14. Nxf5 exf5 15.
Qb3 Nb6 16. Bd4 Rc6 17. Nf3 Nfd7 18. Rac1 Qc7 19. Be3 Bf6 20. Rxc6 Qxc6 21. Rc1
Qb7 22. Nd4 Bxd4 23. Bxd4 Rd8 24. Qb2 f6 25. Bh3 Na4 26. Qa1 Re8 27. e3 Ne5 28.
Bxf5 Qf7 29. Bxe5 fxe5 30. Bh3 Qf6 31. Qa2 Rd8 32. Rc8 Kh8 33. Qxd5 Rxc8 34.
Bxc8 Nc3 35. Qe6 Qxe6 36. Bxe6 1-0

[Event "Quebec op"]
[Site "Montreal CAN"]
[Date "1981.08.06"]
[Round "5"]
[White "Barbeau, Sylvain"]
[Black "Bolduc, Steve"]
[Result "1-0"]
[WhiteElo "2226"]
[BlackElo "1941"]
[PlyCount "81"]
[EventDate "1981.08.02"]
[EventType "swiss"]
[EventRounds "8"]
[EventCountry "CAN"]

1. Nf3 d6 2. d4 Nf6 3. g3 g6 4. b3 Bg7 5. Bb2 c5 6. Bg2 O-O 7. O-O Nc6 8. c4
cxd4 9. Nxd4 Bd7 10. Nc2 Qc7 11. Nc3 a6 12. Qd2 Rab8 13. Ne3 Be6 14. Rac1 Qa5
15. Rfd1 Qh5 16. Ncd5 Bxd5 17. cxd5 Na7 18. Rc7 Nc8 19. Rdc1 Rd8 20. R7c4 Qg5
21. Rh4 h5 22. f4 Qh6 23. Nc4 Nd7 24. g4 Bxb2 25. Nxb2 Na7 26. Kh1 Rbc8 27. Rg1
Kf8 28. e3 Nb5 29. Bf3 Na3 30. gxh5 Ke8 31. Qe1 Qg7 32. Nd1 Nf8 33. hxg6 f6 34.
Be4 Rc5 35. Rh7 Qg8 36. g7 Nxh7 37. Bxh7 Qxd5+ 38. e4 Qh5 39. g8=Q+ Kd7 40.
Bf5+ Kc7 41. Qg4 1-0

[Event "Quebec op"]
[Site "Montreal CAN"]
[Date "1981.08.09"]
[Round "8"]
[White "Barbeau, Sylvain"]
[Black "Ross, Dave"]
[Result "1/2-1/2"]
[WhiteElo "2226"]
[BlackElo "2379"]
[PlyCount "94"]
[EventDate "1981.08.02"]
[EventType "swiss"]
[EventRounds "8"]
[EventCountry "CAN"]

1. Nf3 g6 2. g3 Bg7 3. d4 Nf6 4. Bg2 O-O 5. O-O d6 6. b3 c5 7. Bb2 Na6 8. c4
Rb8 9. Nc3 Bd7 10. Qd2 cxd4 11. Nxd4 Qa5 12. Rfd1 Qh5 13. f3 Bh6 14. e3 Nc7 15.
Qe2 a6 16. Nc2 b5 17. cxb5 axb5 18. Qf2 b4 19. Ne2 Bg7 20. Nf4 Qb5 21. Nd3 Na6
22. e4 Rfc8 23. Bf1 Qb7 24. Ne3 Bb5 25. Rac1 Rxc1 26. Rxc1 Qb6 27. Rc2 e6 28.
Nf4 g5 29. Nd3 Bxd3 30. Bxd3 Nc5 31. Bf1 Ra8 32. Bc1 h6 33. Nc4 Qd8 34. Be3 Nb7
35. e5 Nd5 36. exd6 Nxd6 37. Nxd6 Qxd6 38. Bc5 Qd7 39. Bc4 Nc3 40. Be3 Qd1+ 41.
Kg2 Qxc2 42. Qxc2 Rxa2 43. Qxa2 Nxa2 44. Bd2 Bc3 45. Be3 Bg7 46. Bd2 Nc3 47. g4
Bf6 1/2-1/2

[Event "CAN-ch"]
[Site "Montreal CAN"]
[Date "1981.??.??"]
[Round "?"]
[White "Baragar, Fletcher"]
[Black "Barbeau, Sylvain"]
[Result "1-0"]
[WhiteElo "2270"]
[BlackElo "2245"]
[PlyCount "37"]
[EventDate "1981.05.16"]
[EventType "tourn"]
[EventRounds "15"]
[EventCountry "CAN"]

1. d4 Nf6 2. c4 g6 3. Nc3 d5 4. Nf3 Bg7 5. Qb3 dxc4 6. Qxc4 O-O 7. e4 a6 8. Qb3
b5 9. e5 Ng4 10. h3 Nh6 11. Bg5 Bb7 12. Be2 c5 13. dxc5 Nd7 14. Rd1 Qc7 15. Nd5
Qa5+ 16. Bd2 Qd8 17. Bxh6 Bxd5 18. Qxd5 Bxh6 19. O-O 1-0

[Event "CAN-ch"]
[Site "Montreal CAN"]
[Date "1981.??.??"]
[Round "?"]
[White "Barbeau, Sylvain"]
[Black "Buchholz, Martin"]
[Result "1/2-1/2"]
[WhiteElo "2245"]
[BlackElo "2235"]
[PlyCount "25"]
[EventDate "1981.05.16"]
[EventType "tourn"]
[EventRounds "15"]
[EventCountry "CAN"]

1. c4 c5 2. Nc3 Nf6 3. g3 e6 4. Nf3 b6 5. Bg2 Bb7 6. O-O Be7 7. b3 O-O 8. Bb2
d6 9. d4 cxd4 10. Nxd4 Bxg2 11. Kxg2 a6 12. e4 Qc7 13. Qe2 1/2-1/2

[Event "CAN-ch"]
[Site "Montreal CAN"]
[Date "1981.??.??"]
[Round "?"]
[White "Barbeau, Sylvain"]
[Black "Harper, Bruce"]
[Result "0-1"]
[WhiteElo "2245"]
[BlackElo "2340"]
[PlyCount "66"]
[EventDate "1981.05.16"]
[EventType "tourn"]
[EventRounds "15"]
[EventCountry "CAN"]

1. c4 g6 2. d4 d6 3. Nc3 Nd7 4. e4 Bg7 5. Nf3 e5 6. Be2 c6 7. O-O Qc7 8. Rb1
Nh6 9. b4 O-O 10. Re1 f6 11. Qb3 Nf7 12. d5 c5 13. a3 b6 14. Bf1 Qd8 15. Qc2
Re8 16. Bd2 Bh6 17. Bd3 Kg7 18. Rb3 Nf8 19. b5 Bg4 20. Bxh6+ Nxh6 21. Nd2 Bd7
22. Nf1 f5 23. exf5 gxf5 24. f3 Ng6 25. Ng3 Qg5 26. Qc1 Qh4 27. Nce2 Re7 28.
Bb1 Rg8 29. Rf1 Kh8 30. Rf2 Reg7 31. Rb2 e4 32. Qc3 Ne5 33. fxe4 Nhg4 0-1

[Event "CAN-ch"]
[Site "Montreal CAN"]
[Date "1981.??.??"]
[Round "?"]
[White "Barbeau, Sylvain"]
[Black "Nurmi, Peter"]
[Result "1/2-1/2"]
[WhiteElo "2245"]
[BlackElo "2320"]
[PlyCount "48"]
[EventDate "1981.05.16"]
[EventType "tourn"]
[EventRounds "15"]
[EventCountry "CAN"]

1. c4 e6 2. g3 d5 3. Nf3 dxc4 4. Qa4+ Nd7 5. Qxc4 a6 6. d4 c5 7. Bg2 b5 8. Qd3
Bb7 9. O-O Ngf6 10. b3 cxd4 11. Qxd4 Bc5 12. Qd1 O-O 13. Bb2 Rc8 14. Nc3 Qe7
15. e3 Rc7 16. Rc1 Rfc8 17. Ne2 Nd5 18. Nfd4 N7f6 19. Nf4 h6 20. Nxd5 Nxd5 21.
Bxd5 Bxd5 22. Nf5 exf5 23. Qxd5 Qe4 24. Rfd1 Rc6 1/2-1/2

[Event "CAN-ch"]
[Site "Montreal CAN"]
[Date "1981.??.??"]
[Round "?"]
[White "Barbeau, Sylvain"]
[Black "Vranesic, Zvonko"]
[Result "1/2-1/2"]
[WhiteElo "2245"]
[BlackElo "2390"]
[PlyCount "93"]
[EventDate "1981.05.16"]
[EventType "tourn"]
[EventRounds "15"]
[EventCountry "CAN"]

1. c4 Nf6 2. Nf3 c5 3. g3 b6 4. Bg2 Bb7 5. O-O e6 6. b3 Be7 7. Bb2 O-O 8. e3 d6
9. d3 Qc7 10. Qe2 Nbd7 11. Nbd2 Rfd8 12. Rfd1 Rac8 13. Qf1 Qb8 14. h3 Qa8 15.
Rab1 Ne8 16. Ne1 Bf6 17. Ne4 Bxb2 18. Rxb2 d5 19. Nd2 Ndf6 20. Nb1 Nd6 21. Rbd2
Rc7 22. Nc3 Rcd7 23. cxd5 Nxd5 24. Nxd5 Bxd5 25. Bxd5 Qxd5 26. Qg2 Qxg2+ 27.
Kxg2 Kf8 28. Kf1 Ke7 29. Ke2 Nb5 30. Rc1 e5 31. Rb2 a5 32. Rbc2 Ke6 33. Rb2 f5
34. f4 h6 35. fxe5 Kxe5 36. a4 Nd6 37. d4+ cxd4 38. Nf3+ Kf6 39. Nxd4 Ne4 40.
Rc6+ Rd6 41. Rxd6+ Rxd6 42. Kf3 Ke5 43. b4 axb4 44. Rxb4 Nc3 45. Nb5 Nxb5 46.
Rxb5+ Kf6 47. h4 1/2-1/2

[Event "CAN-ch"]
[Site "Montreal CAN"]
[Date "1981.??.??"]
[Round "?"]
[White "Day, Lawrence"]
[Black "Barbeau, Sylvain"]
[Result "1-0"]
[WhiteElo "2430"]
[BlackElo "2225"]
[PlyCount "59"]
[EventDate "1981.05.16"]
[EventType "tourn"]
[EventRounds "15"]
[EventCountry "CAN"]

1. d4 Nf6 2. Nf3 g6 3. Bg5 Ne4 4. Bh4 Bg7 5. c3 c5 6. e3 b6 7. Nbd2 Nxd2 8.
Qxd2 Bb7 9. d5 d6 10. e4 O-O 11. Bd3 a6 12. Rd1 Nd7 13. O-O Ne5 14. Nxe5 dxe5
15. f4 Qd6 16. f5 Bf6 17. Bg3 gxf5 18. Rxf5 Bc8 19. Rf2 Kh8 20. Rdf1 Rg8 21.
Qh6 Bg4 22. Rxf6 exf6 23. Rxf6 Qe7 24. Rxb6 Rg6 25. Rxg6 fxg6 26. Bh4 Qd6 27.
Qg5 Bd7 28. Qf6+ Qxf6 29. Bxf6+ Kg8 30. Bxe5 1-0

[Event "CAN-ch"]
[Site "Montreal CAN"]
[Date "1981.??.??"]
[Round "?"]
[White "Jauregui, Carlos"]
[Black "Barbeau, Sylvain"]
[Result "1/2-1/2"]
[WhiteElo "2305"]
[BlackElo "2245"]
[PlyCount "92"]
[EventDate "1981.05.16"]
[EventType "tourn"]
[EventRounds "15"]
[EventCountry "CAN"]

1. d4 Nf6 2. c4 g6 3. f3 c5 4. d5 b5 5. e4 d6 6. cxb5 Bg7 7. a4 a6 8. Na3 O-O
9. Bc4 Nbd7 10. Ra2 Nb6 11. b3 e6 12. Ne2 exd5 13. exd5 Bb7 14. Nc3 Ng4 15. Ne4
Re8 16. Re2 Qh4+ 17. Kd2 Ne5 18. Kc2 Qd8 19. Bb2 f5 20. Nc3 Nbxc4 21. bxc4 Qa5
22. Rhe1 f4 23. Re4 Rf8 24. Qd2 Bc8 25. Kd1 Bf5 26. Qc2 Bxe4 27. Nxe4 axb5 28.
axb5 Qb4 29. Nb1 Nd3 30. Qxd3 Qxb2 31. Nbd2 Ra1+ 32. Ke2 Rxe1+ 33. Kxe1 Qe5 34.
Qb3 Ra8 35. b6 Rb8 36. Qb5 Qe7 37. Nb3 Qb7 38. Nxd6 Qxb6 39. Qxb6 Rxb6 40. Nb5
Bf8 41. Ke2 Kf7 42. Kd3 Kf6 43. Ke4 g5 44. h4 h6 45. hxg5+ hxg5 46. Nd2 Ra6
1/2-1/2

[Event "CAN-ch"]
[Site "Montreal CAN"]
[Date "1981.??.??"]
[Round "?"]
[White "Murray, Peter"]
[Black "Barbeau, Sylvain"]
[Result "1-0"]
[WhiteElo "2330"]
[BlackElo "2245"]
[PlyCount "63"]
[EventDate "1981.05.16"]
[EventType "tourn"]
[EventRounds "15"]
[EventCountry "CAN"]

1. c4 Nf6 2. Nc3 c5 3. Nf3 g6 4. d4 cxd4 5. Nxd4 Bg7 6. e4 O-O 7. Be2 Nc6 8.
Be3 b6 9. O-O Bb7 10. f4 Rc8 11. e5 Ne8 12. Ncb5 Nxd4 13. Bxd4 Ra8 14. Qd3 Nc7
15. f5 Nxb5 16. cxb5 Rc8 17. f6 Bh8 18. Bg4 Rc7 19. Rae1 d6 20. e6 Bxf6 21.
exf7+ Kxf7 22. Be6+ Kg7 23. h4 Bc8 24. h5 Bxe6 25. Rxe6 Qd7 26. Rfe1 Rf7 27.
Qe3 Qxb5 28. Bxf6+ exf6 29. h6+ Kg8 30. Re8+ Rf8 31. Qe6+ Rcf7 32. Rxf8+ 1-0